000 00421nam a2200181Ia 4500
008 210210b1895 xxu||||| |||| 00| 0 eng d
041 _aeng
082 _a823/270
100 _aSHAKESPEARE (William)
245 _aMuch ado about nothing
260 _aOxford
_bGeorge allen & unwin
_c1895
650 _anothing
650 _aMuch
650 _aado
650 _aabout
690 _aEnglish Drama
906 _a013815
999 _c132882
_d132882